000 00354nam a2200121Ia 4500
008 230907s9999||||xx |||||||||||||| ||und||
082 _a660.283
_bSUS
245 0 _aSustainable membrane technology for energy, water, and environment /
260 _aWiley,
_bHoboken, N.J. :
_c2012
300 _axxi, 327 p. :
650 _aCongresses.
_942738
942 _cBK
999 _c598982
_d598982